El yo y el ello, y otros escritos de metapsicología
Guardat en:
| Autor principal: | |
|---|---|
| Format: | Llibre |
| Idioma: | espanyol |
| Publicat: |
Madrid
Alianza
1983
|
| Edició: | 5a. ed |
| Col·lecció: | El Libro de Bolsillo
|
| Matèries: | |
| Etiquetes: |
Afegir etiqueta
Sense etiquetes, Sigues el primer a etiquetar aquest registre!
|
MARC
| LEADER | 00000nam a2200000 a 4500 | ||
|---|---|---|---|
| 001 | UCQ7897 | ||
| 003 | CL-VaPUC | ||
| 008 | 981121e19830000SP |||||||||||||||||spa|d | ||
| 082 | 0 | 4 | |a 150.1952 |b FRE |2 21 |
| 100 | |a Freud, Sigmund |e author |9 307892 | ||
| 245 | 1 | 3 | |a El yo y el ello, y otros escritos de metapsicología |
| 250 | |a 5a. ed | ||
| 300 | |a 223 p | ||
| 942 | |c BK | ||
| 945 | |d 19981121 00:00:00 |a crobeson | ||
| 260 | |a Madrid |b Alianza |c 1983 | ||
| 650 | 0 | |a Psicoanálisis |9 265702 | |
| 650 | 0 | |a Neurosis |9 312889 | |
| 650 | 7 | |a PSICOSIS |2 CL-VaPUC |9 315438 | |
| 650 | 0 | |a Psicología |9 257863 | |
| 583 | |a last modification |c 19981121 00:00:00 |k Rodrigo Vera | ||
| 490 | 0 | |a El Libro de Bolsillo | |
| 999 | |c 277273 |d 277271 | ||
| 952 | |0 0 |1 0 |4 0 |6 150_195200000000000_FRE_1983 |7 0 |8 A |9 315157 |a FDOPOS |b FDOPOS |d 2019-11-20 |i 1493663 |o 150.1952 FRE 1983 |p 1493663 |r 2025-01-22 |w 2019-11-20 |y BK |k MLA | ||